Effect of transplanting date on yield andseed quality of t. aman rice varieties / (Record no. 16342)

MARC details
000 -LEADER
fixed length control field 01096nam a22002777a 4500
001 - CONTROL NUMBER
control field BD-DhSAU 9278
003 - CONTROL NUMBER IDENTIFIER
control field BD-DhSAU
005 - DATE AND TIME OF LATEST TRANSACTION
control field 20221214111113.0
008 - FIXED-LENGTH DATA ELEMENTS--GENERAL INFORMATION
fixed length control field 150613b2018 bg a|||| m||| 00| 0 eng d
040 ## - CATALOGING SOURCE
Original cataloging agency BD-DhSAU
082 ## - DEWEY DECIMAL CLASSIFICATION NUMBER
Edition number 22
Classification number 631.521
Item number H27
100 ## - MAIN ENTRY--PERSONAL NAME
Personal name HASAN, MD. MEHEDE
Relator term Registration # 14-06102
245 ## - TITLE STATEMENT
Title Effect of transplanting date on yield andseed quality of t. aman rice varieties /
Remainder of title MS thesis
260 ## - PUBLICATION, DISTRIBUTION, ETC. (IMPRINT)
Place of publication, distribution, etc. Sher-e-Bangla Agricultural University :
Name of publisher, distributor, etc. Department of Seed Technology,
Date of publication, distribution, etc. 2021
300 ## - PHYSICAL DESCRIPTION
Extent ix, 66p. :
Other physical details ill. ;
Dimensions 30 cm.
500 ## - GENERAL NOTE
General note MS thesis of Department of Seed Technology, Faculty of Agriculture, Sher-e-Bangla Agricultural University, Dhaka, Bangladesh
504 ## - BIBLIOGRAPHY, ETC. NOTE
Bibliography, etc Includes bibliographical reference.
590 ## - Name of Cataloguer
Name of Cataloger Nazmul
650 ## - SUBJECT ADDED ENTRY--TOPICAL TERM
Topical term or geographic name as entry element transplanting
650 ## - SUBJECT ADDED ENTRY--TOPICAL TERM
Topical term or geographic name as entry element seed quality
651 ## - SUBJECT ADDED ENTRY--GEOGRAPHIC NAME
Geographic name t. aman rice
700 ## - ADDED ENTRY--PERSONAL NAME
Personal name Prof. Dr. A.K.M. Ruhul Amin
Relator term Superviser
700 ## - ADDED ENTRY--PERSONAL NAME
Personal name Dr. Sheikh Muhammad Masum
Relator term Co-superviser
856 ## - ELECTRONIC LOCATION AND ACCESS
Uniform Resource Identifier <a href="http://archive.saulibrary.edu.bd:8080/xmlui/handle/123456789/4277">http://archive.saulibrary.edu.bd:8080/xmlui/handle/123456789/4277</a>
942 ## - ADDED ENTRY ELEMENTS (KOHA)
Source of classification or shelving scheme Dewey Decimal Classification
Koha item type MS Level Thesis
Holdings
Withdrawn status Lost status Source of classification or shelving scheme Damaged status Not for loan Collection code Coded location qualifier Home library Branch Name Date acquired Coded location qualifier Total Checkouts Full call number Barcode Date last seen Price effective from Koha item type
    Dewey Decimal Classification   Not For Loan Reference | SAU Library SAU Library 08/12/2022 |   635 K452 44032 08/12/2022 08/12/2022 MS Level Thesis